| 000 | 00542nam a2200205Ia 4500 | ||
|---|---|---|---|
| 003 | OSt | ||
| 005 | 20251114185615.0 | ||
| 008 | 210423s2010 xx 000 0 und d | ||
| 020 | _a9788120330559 | ||
| 040 | _cAL | ||
| 041 | _aEnglish | ||
| 082 |
_a370.15 _bMANE |
||
| 100 |
_aMangal S K _990503 |
||
| 245 | _aEssentials of educational psychology. | ||
| 260 |
_aNew Delhi _bPHI Learning Pvt Ltd _c2010 |
||
| 300 |
_ax,726p. _bPB _c23x18cm. |
||
| 365 |
_b350 _cINR |
||
| 906 | _aeducational ; Essentials ; psychology. | ||
| 942 |
_2ddc _cBK |
||
| 999 |
_c160135 _d160135 |
||